Antarctic adventure Scott's Northern Party / (Record no. 121313)

MARC details
000 -LEADER
campo de control de longitud fija 00468nam a2200157 4500
001 - NÚMERO DE CONTROL
campo de control 121313
003 - IDENTIFICADOR DE NÚMERO DE CONTROL
campo de control ES-MaACL
005 - FECHA Y HORA DE LA ÚLTIMA TRANSACCIÓN
campo de control 20230906191730.0
007 - CAMPO FIJO DE DESCRIPCIÓN FÍSICA--INFORMACIÓN GENERAL
campo de control de longitud fija t|
008 - DATOS DE LONGITUD FIJA--INFORMACIÓN GENERAL
campo de control de longitud fija 070214s1914 xxk r ||||1| eng d
100 1# - ENTRADA PRINCIPAL--NOMBRE DE PERSONA
Nombre de persona Priestley, Raymond.
9 (RLIN) 93872
245 10 - MENCIÓN DEL TÍTULO
Título Antarctic adventure Scott's Northern Party /
Mención de responsabilidad, etc. by Raymond Priestley.
260 ## - PUBLICACIÓN, DISTRIBUCIÓN, ETC.
Lugar de publicación, distribución, etc. London :
Nombre del editor, distribuidor, etc. The Gresham Press,
Fecha de publicación, distribución, etc. 1914.
300 ## - DESCRIPCIÓN FÍSICA
Extensión 382 p., 97 lám. ;
Dimensiones 23 x 14 cm +
Material acompañante/anejo 3 map.
852 ## - LOCALIZACIÓN
Ubicación ES-MaACL
Número de control de estantería F-7862
Holdings
Estatus retirado Estado de pérdida Estado de daño No para préstamo Biblioteca de origen Biblioteca actual Ubicación en estantería Fecha de adquisición Fuente de adquisición Total de préstamos Signatura topográfica completa Código de barras Visto por última vez Precio de reemplazo Tipo de ítem Koha
        Biblioteca del Ateneo de Madrid Biblioteca del Ateneo de Madrid Sala Pecera Planta 2 17/01/2008     F-7862 1126432 23/02/2023 23/02/2023 Libro impreso